000 00304nam a22001337a 4500
008 170627b xxu||||| |||| 00| 0 eng d
020 _a9780143035831
041 _aeng
080 _a32
100 _a21
101 _aSHP
245 _aCORNEL WEST DEMOCRACY MATTERS
_cBESTSELLER.P
942 _2udc
_cBK
999 _c19143
_d19143